Analyse logique Phân tích mệnh đề trong tiếng Pháp
Ce livre insère un bref rappel des principes d'anlyse logique des propositions dans le but que les élèves arrivent à exprimer leurs idées par des phrases simples, à construire des propositions sans commettre des erreurs
Đã lưu trong:
| 主要作者: | |
|---|---|
| 格式: | 圖書 |
| 語言: | Undetermined |
| 出版: |
Tp. HCM
Nxb. Tp. HCM
1995
|
| 主題: | |
| 標簽: |
添加標簽
沒有標簽, 成為第一個標記此記錄!
|
| Thư viện lưu trữ: | Trung tâm Học liệu Trường Đại học Cần Thơ |
|---|
| LEADER | 00812nam a2200217Ia 4500 | ||
|---|---|---|---|
| 001 | CTU_17065 | ||
| 008 | 210402s9999 xx 000 0 und d | ||
| 020 | |b 5000đ | ||
| 082 | |a 445 | ||
| 082 | |b Ch125 | ||
| 100 | |a Châu Minh | ||
| 245 | 0 | |a Analyse logique | |
| 245 | 0 | |b Phân tích mệnh đề trong tiếng Pháp | |
| 245 | 0 | |c Châu Minh, Linh Giang | |
| 260 | |a Tp. HCM | ||
| 260 | |b Nxb. Tp. HCM | ||
| 260 | |c 1995 | ||
| 520 | |a Ce livre insère un bref rappel des principes d'anlyse logique des propositions dans le but que les élèves arrivent à exprimer leurs idées par des phrases simples, à construire des propositions sans commettre des erreurs | ||
| 650 | |a french language - grammar | ||
| 904 | |i Minh, 970710 | ||
| 980 | |a Trung tâm Học liệu Trường Đại học Cần Thơ | ||